000 00660nam a2200193Ii 4500
003 JO-AjNU
008 230605s9999||||xx |||||||||||||| ||und||
040 _aJO-AjNU
_bara
_erda
_cJO-AjNU
041 _aara
050 1 4 _aHM24 .S2 1981
100 3 _aتأليف: الساعاتي، حسن,
_eauthor
_99024
245 0 0 _aعلم الاجتماع الخلدوني: قواعد المنهج
264 3 1 _aبيروت: دار النهضة العربية للطباعة والنشر، 1981
300 _a204ص
336 _atext
_btxt
_2rdacontent
337 _aunmediated
_bn
_2rdamedia
338 _avolume
_bnc
_2rdacarrier
650 4 _aعلم الاجتماع
_99025
999 _aA1088
_c4656
_d4656